<?xml version="1.0" encoding="UTF-8"?><?xml-stylesheet type="text/xsl" href="static/style.xsl"?><OAI-PMH xmlns="http://www.openarchives.org/OAI/2.0/" xmlns:xsi="http://www.w3.org/2001/XMLSchema-instance" xsi:schemaLocation="http://www.openarchives.org/OAI/2.0/ http://www.openarchives.org/OAI/2.0/OAI-PMH.xsd"><responseDate>2026-04-13T01:42:47Z</responseDate><request verb="GetRecord" identifier="oai:www.recercat.cat:10230/71784" metadataPrefix="marc">https://recercat.cat/oai/request</request><GetRecord><record><header><identifier>oai:recercat.cat:10230/71784</identifier><datestamp>2025-11-28T20:28:49Z</datestamp><setSpec>com_2072_6</setSpec><setSpec>col_2072_452954</setSpec></header><metadata><record xmlns="http://www.loc.gov/MARC21/slim" xmlns:dcterms="http://purl.org/dc/terms/" xmlns:xsi="http://www.w3.org/2001/XMLSchema-instance" xmlns:doc="http://www.lyncode.com/xoai" xsi:schemaLocation="http://www.loc.gov/MARC21/slim http://www.loc.gov/standards/marcxml/schema/MARC21slim.xsd">
   <leader>00925njm 22002777a 4500</leader>
   <datafield ind2=" " ind1=" " tag="042">
      <subfield code="a">dc</subfield>
   </datafield>
   <datafield ind2=" " ind1=" " tag="720">
      <subfield code="a">Aced, Martí</subfield>
      <subfield code="e">author</subfield>
   </datafield>
   <datafield ind2=" " ind1=" " tag="720">
      <subfield code="a">Uzin, Delfina</subfield>
      <subfield code="e">author</subfield>
   </datafield>
   <datafield ind2=" " ind1=" " tag="720">
      <subfield code="a">Moreno, Ricard</subfield>
      <subfield code="e">author</subfield>
   </datafield>
   <datafield ind2=" " ind1=" " tag="260">
      <subfield code="c">2025-11-05T16:57:47Z</subfield>
   </datafield>
   <datafield ind2=" " ind1=" " tag="260">
      <subfield code="c">2025-11-05T16:57:47Z</subfield>
   </datafield>
   <datafield ind2=" " ind1=" " tag="260">
      <subfield code="c">2024-07-15</subfield>
   </datafield>
   <datafield ind2=" " ind1=" " tag="520">
      <subfield code="a">Màster en Mediació Professional (UPF Barcelona School of Management). Curs 2023-2024</subfield>
   </datafield>
   <datafield ind2=" " ind1=" " tag="520">
      <subfield code="a">Tutors: Andreu Calvet Cortés i Javier Wilhelm Wainsztein</subfield>
   </datafield>
   <datafield ind2=" " ind1=" " tag="520">
      <subfield code="a">Small towns are characterized by close-knit communities and a high degree of social interconnectivity. When these areas aim to repopulate, unique challenges arise that could undermine the long term stay of the newcomers. The implementation of mediation practices can ensure peaceful living together and enhance the community.  Through the ground work conducted in two small villages in Aragón, Spain, which examines factors such as community relationships, local cultural norms and population diversity, the work identifies key themes and patterns in how disputes are managed and resolved. 
This paper elaborates a project that combines mediation and restorative practices to strengthen positive coexistence and promote peace culture. By providing recommendations for enhancing the effectiveness of such practices in small villages, engaging locals, supplying them with mediation tools, helping them to develop skills tailored to their contexts, establishing clear ethical guidelines and working on the development of community awareness programs to support the mediation processes, the project aims to boost and facilitate long-term repopulation.</subfield>
   </datafield>
   <datafield ind2=" " ind1=" " tag="520">
      <subfield code="a">Los pueblos pequeños se caracterizan por comunidades unidas y un alto grado de interconectividad social. Cuando estas áreas buscan repoblarse, surgen desafíos únicos que podrían afectar la permanencia a largo plazo de las personas recién llegadas. La implementación de prácticas de mediación puede posibilitar una convivencia tranquila y mejorar la comunidad. A través del trabajo de campo realizado en dos pequeños pueblos de Aragón, España, que examina factores como las relaciones comunitarias, las normas culturales locales y la diversidad poblacional, se identifican temas y patrones clave en cómo se gestionan y resuelven los conflictos.
Este trabajo elabora un proyecto que combina la mediación y las prácticas restaurativas para fortalecer la convivencia positiva y promover la cultura de paz. Al proporcionar recomendaciones para mejorar la efectividad de tales prácticas en pequeños pueblos, involucrando a quienes habitan allí, proporcionándoles herramientas de mediación, ayudándoles a desarrollar habilidades adaptadas a sus contextos, estableciendo directrices éticas claras y trabajando en el desarrollo de programas de concienciación comunitaria para apoyar los procesos de mediación, el proyecto busca impulsar y facilitar la repoblación a largo plazo.</subfield>
   </datafield>
   <datafield tag="653" ind2=" " ind1=" ">
      <subfield code="a">Treball final de Màster - Curs 2023-2024</subfield>
   </datafield>
   <datafield tag="653" ind2=" " ind1=" ">
      <subfield code="a">Repoblación</subfield>
   </datafield>
   <datafield tag="653" ind2=" " ind1=" ">
      <subfield code="a">Comunidad</subfield>
   </datafield>
   <datafield tag="653" ind2=" " ind1=" ">
      <subfield code="a">Mediación</subfield>
   </datafield>
   <datafield tag="653" ind2=" " ind1=" ">
      <subfield code="a">Prácticas restaurativas</subfield>
   </datafield>
   <datafield tag="653" ind2=" " ind1=" ">
      <subfield code="a">Cultura de paz</subfield>
   </datafield>
   <datafield ind2="0" ind1="0" tag="245">
      <subfield code="a">Mediación y cultura de paz en comunidades sujetas a repoblación sostenible</subfield>
   </datafield>
</record></metadata></record></GetRecord></OAI-PMH>